The Chronicles of Narnia Books - Statistics

General Stats
  • This quiz has been taken 1,476 times
  • The average score is 6 of 7
Answer Stats
Publication Year Book % Correct
1950 The Lion, the Witch, and the Wardrobe
95%
1951 Prince Caspian
93%
1953 The Silver Chair
86%
1956 The Last Battle
81%
1955 The Magician's Nephew
81%
1952 The Voyage of the Dawn Treader
81%
1954 The Horse and His Boy
74%
No matching quizzes found
Score Distribution
Percent of People with Each Score
Percentile by Number Answered
Your Score History
You have not taken this quiz